Представление документа в формате RUSMARC

ПолеНазваниеЗначение
  Тип записи a
  Библиографический уровень a
001 Контрольный номер RU/CBS_UL/BASE/04f1ee6cff8e4b66803bbe7c0f70da54
005 Дата корректировки 20260304160932.6
100 Данные общей обработки __
a Данные общей обработки 20260304 ||| 0rusy0189 ca
101 Язык документа 0_
a Язык текста rus
102 Страна публикации __
a Страна публикации RU
200 Заглавие и сведения об ответственности 1_
a Заглавие Апостол зырян
e Сведения, относящиеся к заглавию [Стефан Пермский - святой, который посвятил себя распространению христианской веры среди зырян (народа коми)]
f Первые сведения об ответственности О. Шомахова
300 Общие примечания __
a Общие примечания 6+
461 Уровень набора _0
1 2000
a Саша и Даша
463 Уровень физической единицы _0
1 2000
a № 2
v С. 8-9
1 2101
d 2026
1 001RU/CBS_UL/BASE/977ce5a08b8a4774b9d9b6eadefaac18
600 Персоналии _1
a Персоналии (Фамилия) Стефан Пермский, святой
606 Тематические рубрики 0_
a Основная рубрика Православные святые
610 Ключевые слова 0_
a Ключевые слова православие; православные святые; коми (народы); зыряне; подвижники; христианская вера; алфавит коми-пермяков
686 Индексы других классификаций __
a Классификационный индекс 86.372-574
700 Автор _1
a Фамилия Шомахова
b Имя (инициалы) О.
801 Источник записи _0
a Страна RU
b Организация МБУК ЦБС г. Ульяновска
c Дата составления 20260304
g Правила каталогизации RCR
801 Источник записи _1
a Страна RU
b Организация МБУК ЦБС г. Ульяновска
c Дата составления 20260304
g Правила каталогизации RCR
901 Тип документа __
t Тип документа b
w Контрольный № источника RU/CBS_UL/BASE/977ce5a08b8a4774b9d9b6eadefaac18
909 Создатель записи __
a Создатель записи mbo